Equips dels Països Catalans que han jugat a primera divisió - Estadísticas

Estadísticas generales
  • Esta prueba ha sido intentada 67 veces
  • La puntuación promedio es 13 de 16
Estadísticas de respuestas
Comarca Temporades a 1a Equip % Correcto
Barcelonès 95 FC Barcelona
100%
Gironès 6 Girona FC
100%
Baix Llobregat 89 RCD Espanyol
98%
València 91 València CF
98%
Tarragonès 4 Club Gimnàstic de Tarragona
94%
València 17 Llevant UE
94%
Palma 33 RCD Mallorca
94%
Plana Baixa 26 Vila-real CF
87%
Barcelonès 3 CE Europa
85%
Segrià 2 UE Lleida
85%
Plana Baixa 11 CD Castelló
83%
Vallès Occidental 14 CE Sabadell FC
83%
Baix Vinalopó 25 Elx CF
80%
l'Alacantí 20 Hèrcules CF
72%
l'Alcoià 4 CE Alcoià
65%
Barcelonès 1 CD Comtal
20%
No se encontraron pruebas coincidentes
Distribución de puntuación
Porcentaje de gente con cada puntuación
Porcentaje por número respondido
Historial de tus puntuaciones
No has intentado esta prueba.